000 00689nam a2200157 i 4500
001 156331
003 ES-MaACL
005 20230906210401.0
008 020403s1843 sp |||| | spa d
100 1 _aJimena, Juan Miguel.
_9128303
245 1 0 _aDisertación teológico-canónica en que se examina la verdadera doctrina sobre el estado de las sillas episcopales cuando se dicen impedidas /
_ctrabajado por D. Juan Miguel Jimena, e insertado en La Voz de la religión.
260 _aMadrid :
_b[s.n.],
_c1843 (
_fImp. de Don Rufino La Sota)
300 _a70 p. ;
_c20 cm.
650 4 _aDiócesis.
_9168350
852 4 _aES-MaACL
_jT-4-F-5
_z- Enc. hol.
_z- Enc. en un vol facticio
999 _c156331
_d156331